[Event "DEM U12 2023"]
[Site "Willingen GER"]
[Date "2023.06.03"]
[Round "9"]
[White "Ramming, Moritz"]
[Black "Derr, Oleg"]
[Result "1/2-1/2"]
[Termination "normal"]
[Board "8"]
[WhiteElo "1597"]
[BlackElo "1579"]
[WhiteClock "00:01:45"]
[BlackClock "00:04:24"]
[PlyCount "75"]
[WhiteFideId "34618198"]
[BlackFideId "34611517"]
[EventCountry "GER"]
[EventRounds "9"]
[EventType "swiss"]
[EventDate "2023.05.27"]

1. e4 {[%clk 01:30:52]} {[%emt 00:00:07]} c5 {[%clk 01:30:55]} {[%emt
00:00:05]} 2. Nc3 {[%clk 01:31:12]} {[%emt 00:00:10]} e6 {[%clk 01:31:15]}
{[%emt 00:00:09]} 3. Nf3 {[%clk 01:31:27]} {[%emt 00:00:16]} Nc6 {[%clk
01:31:35]} {[%emt 00:00:10]} 4. d4 {[%clk 01:31:46]} {[%emt 00:00:11]} cxd4
{[%clk 01:31:57]} {[%emt 00:00:08]} 5. Nxd4 {[%clk 01:32:07]} {[%emt 00:00:10]}
Nf6 {[%clk 01:32:18]} {[%emt 00:00:08]} 6. Ndb5 {[%clk 01:31:36]} {[%emt
00:01:01]} Bb4 {[%clk 01:32:35]} {[%emt 00:00:12]} 7. a3 {[%clk 01:31:28]}
{[%emt 00:00:39]} Bxc3+ {[%clk 01:32:36]} {[%emt 00:00:28]} 8. Nxc3 {[%clk
01:31:48]} {[%emt 00:00:11]} d5 {[%clk 01:32:52]} {[%emt 00:00:13]} 9. exd5
{[%clk 01:31:41]} {[%emt 00:00:38]} exd5 {[%clk 01:33:14]} {[%emt 00:00:08]}
10. Bd3 {[%clk 01:31:03]} {[%emt 00:01:09]} O-O {[%clk 01:33:21]} {[%emt
00:00:21]} 11. O-O {[%clk 01:31:17]} {[%emt 00:00:17]} d4 {[%clk 01:33:40]}
{[%emt 00:00:11]} 12. Ne2 {[%clk 01:26:01]} {[%emt 00:05:46]} Bg4 {[%clk
01:33:26]} {[%emt 00:00:43]} 13. f3 {[%clk 01:17:07]} {[%emt 00:09:25]} Bh5
{[%clk 01:33:48]} {[%emt 00:00:08]} 14. b3 {[%clk 01:15:12]} {[%emt 00:02:26]}
Qd6 {[%clk 01:18:59]} {[%emt 00:15:17]} 15. Ng3 {[%clk 01:08:28]} {[%emt
00:07:15]} Bg6 {[%clk 01:17:10]} {[%emt 00:02:19]} 16. Bxg6 {[%clk 01:06:56]}
{[%emt 00:02:02]} hxg6 {[%clk 01:17:26]} {[%emt 00:00:13]} 17. Bb2 {[%clk
01:06:12]} {[%emt 00:01:16]} Rad8 {[%clk 01:16:01]} {[%emt 00:01:54]} 18. Qd2
{[%clk 01:04:10]} {[%emt 00:02:32]} Qc5 {[%clk 01:07:27]} {[%emt 00:09:03]} 19.
Kh1 {[%clk 00:58:52]} {[%emt 00:05:48]} Rd7 {[%clk 01:01:51]} {[%emt 00:06:07]}
20. Rfe1 {[%clk 00:53:58]} {[%emt 00:05:24]} Rfd8 {[%clk 00:55:35]} {[%emt
00:06:45]} 21. Ne4 {[%clk 00:51:43]} {[%emt 00:02:46]} Qf5 {[%clk 00:46:13]}
{[%emt 00:09:51]} 22. Nxf6+ {[%clk 00:50:19]} {[%emt 00:01:54]} Qxf6 {[%clk
00:46:14]} {[%emt 00:00:29]} 23. Re4 {[%clk 00:41:52]} {[%emt 00:08:58]} Rd5
{[%clk 00:40:38]} {[%emt 00:06:05]} 24. Rae1 {[%clk 00:32:33]} {[%emt
00:09:49]} Re5 {[%clk 00:28:59]} {[%emt 00:12:10]} 25. Rxe5 {[%clk 00:26:16]}
{[%emt 00:06:47]} Nxe5 {[%clk 00:29:16]} {[%emt 00:00:13]} 26. Qb4 {[%clk
00:24:15]} {[%emt 00:02:31]} Qf5 {[%clk 00:21:11]} {[%emt 00:08:35]} 27. Qd2
{[%clk 00:18:15]} {[%emt 00:06:31]} Nc6 {[%clk 00:20:57]} {[%emt 00:00:43]} 28.
Rd1 {[%clk 00:17:39]} {[%emt 00:01:24]} g5 {[%clk 00:13:56]} {[%emt 00:07:31]}
29. h3 {[%clk 00:16:08]} {[%emt 00:02:01]} f6 {[%clk 00:12:09]} {[%emt
00:02:17]} 30. b4 {[%clk 00:14:11]} {[%emt 00:02:27]} b5 {[%clk 00:09:22]}
{[%emt 00:03:16]} 31. Qf2 {[%clk 00:13:05]} {[%emt 00:01:36]} a6 {[%clk
00:07:56]} {[%emt 00:01:57]} 32. Rd3 {[%clk 00:11:46]} {[%emt 00:01:50]} Kh7
{[%clk 00:06:24]} {[%emt 00:02:01]} 33. Kg1 {[%clk 00:09:55]} {[%emt 00:02:21]}
Kg8 {[%clk 00:06:28]} {[%emt 00:00:26]} 34. Qd2 {[%clk 00:08:35]} {[%emt
00:01:50]} Qd5 {[%clk 00:06:05]} {[%emt 00:00:53]} 35. Qd1 {[%clk 00:05:01]}
{[%emt 00:04:04]} Qa2 {[%clk 00:05:22]} {[%emt 00:01:13]} 36. Qa1 {[%clk
00:03:51]} {[%emt 00:01:41]} Qc4 {[%clk 00:04:50]} {[%emt 00:01:01]} 37. Qd1
{[%clk 00:03:34]} {[%emt 00:00:47]} Qa2 {[%clk 00:04:24]} {[%emt 00:00:57]} 38.
Qa1 {[%clk 00:01:45]} {[%emt 00:02:19]} 1/2-1/2

[Event "DEM U12 2023"]
[Site "Willingen GER"]
[Date "2023.06.03"]
[Round "9"]
[White "Vranckx, Oscar"]
[Black "Stehning, Toni"]
[Result "1-0"]
[Termination "normal"]
[Board "9"]
[WhiteElo "1733"]
[BlackElo "1499"]
[WhiteClock "01:16:08"]
[BlackClock "00:14:44"]
[PlyCount "85"]
[WhiteFideId "34608788"]
[BlackFideId "34623477"]
[EventCountry "GER"]
[EventRounds "9"]
[EventType "swiss"]
[EventDate "2023.05.27"]

1. e4 {[%clk 01:30:55]} {[%emt 00:00:04]} e5 {[%clk 01:30:54]} {[%emt
00:00:06]} 2. Nf3 {[%clk 01:31:22]} {[%emt 00:00:04]} Nc6 {[%clk 01:31:18]}
{[%emt 00:00:06]} 3. d4 {[%clk 01:31:43]} {[%emt 00:00:09]} exd4 {[%clk
01:31:43]} {[%emt 00:00:05]} 4. Nxd4 {[%clk 01:32:05]} {[%emt 00:00:08]} Bc5
{[%clk 01:32:07]} {[%emt 00:00:07]} 5. Be3 {[%clk 01:32:27]} {[%emt 00:00:07]}
Qf6 {[%clk 01:32:01]} {[%emt 00:00:37]} 6. c3 {[%clk 01:32:20]} {[%emt
00:00:37]} Nge7 {[%clk 01:31:52]} {[%emt 00:00:38]} 7. Bb5 {[%clk 01:31:54]}
{[%emt 00:00:57]} Bb6 {[%clk 01:26:07]} {[%emt 00:06:15]} 8. O-O {[%clk
01:31:30]} {[%emt 00:00:53]} Qg6 {[%clk 01:24:44]} {[%emt 00:01:54]} 9. Nd2
{[%clk 01:27:00]} {[%emt 00:04:59]} O-O {[%clk 01:19:00]} {[%emt 00:06:14]} 10.
f4 {[%clk 01:26:25]} {[%emt 00:01:05]} f5 {[%clk 01:17:11]} {[%emt 00:02:20]}
11. Bd3 {[%clk 01:21:26]} {[%emt 00:05:29]} d6 {[%clk 01:16:02]} {[%emt
00:01:39]} 12. Kh1 {[%clk 01:21:08]} {[%emt 00:00:47]} Nxd4 {[%clk 01:09:22]}
{[%emt 00:07:10]} 13. Bxd4 {[%clk 01:21:15]} {[%emt 00:00:23]} Bxd4 {[%clk
01:08:23]} {[%emt 00:01:30]} 14. cxd4 {[%clk 01:21:38]} {[%emt 00:00:07]} Kh8
{[%clk 01:00:30]} {[%emt 00:08:23]} 15. e5 {[%clk 01:21:53]} {[%emt 00:00:15]}
dxe5 {[%clk 00:58:34]} {[%emt 00:02:26]} 16. dxe5 {[%clk 01:21:56]} {[%emt
00:00:27]} Nd5 {[%clk 00:57:27]} {[%emt 00:01:37]} 17. Rf3 {[%clk 01:20:15]}
{[%emt 00:02:10]} b6 {[%clk 00:56:54]} {[%emt 00:01:04]} 18. Nb3 {[%clk
01:17:01]} {[%emt 00:03:43]} Bb7 {[%clk 00:56:56]} {[%emt 00:00:28]} 19. Qf1
{[%clk 01:17:16]} {[%emt 00:00:15]} Rad8 {[%clk 00:54:41]} {[%emt 00:02:46]}
20. Rd1 {[%clk 01:14:59]} {[%emt 00:02:45]} c5 {[%clk 00:48:17]} {[%emt
00:06:55]} 21. a3 {[%clk 01:13:16]} {[%emt 00:02:13]} c4 {[%clk 00:44:40]}
{[%emt 00:04:07]} 22. Rg3 {[%clk 01:13:33]} {[%emt 00:00:13]} Qh6 {[%clk
00:44:02]} {[%emt 00:01:08]} 23. Bxc4 {[%clk 01:13:48]} {[%emt 00:00:15]} Nxf4
{[%clk 00:43:48]} {[%emt 00:00:44]} 24. Nd4 {[%clk 01:13:58]} {[%emt 00:00:20]}
Bd5 {[%clk 00:26:01]} {[%emt 00:18:17]} 25. Bxd5 {[%clk 01:13:46]} {[%emt
00:00:42]} Rxd5 {[%clk 00:26:12]} {[%emt 00:00:20]} 26. Rf3 {[%clk 01:14:02]}
{[%emt 00:00:13]} Ne6 {[%clk 00:25:38]} {[%emt 00:01:03]} 27. Nxf5 {[%clk
01:13:52]} {[%emt 00:00:41]} Rxd1 {[%clk 00:25:12]} {[%emt 00:00:56]} 28. Qxd1
{[%clk 01:14:15]} {[%emt 00:00:07]} Qg5 {[%clk 00:23:36]} {[%emt 00:02:04]} 29.
h4 {[%clk 01:12:26]} {[%emt 00:02:21]} Rd8 {[%clk 00:20:35]} {[%emt 00:03:31]}
30. Qb3 {[%clk 01:12:17]} {[%emt 00:00:40]} Qc1+ {[%clk 00:20:13]} {[%emt
00:00:52]} 31. Kh2 {[%clk 01:12:40]} {[%emt 00:00:06]} Nc5 {[%clk 00:17:42]}
{[%emt 00:03:02]} 32. Qf7 {[%clk 01:12:54]} {[%emt 00:00:15]} Ne6 {[%clk
00:15:37]} {[%emt 00:02:35]} 33. Qxe6 {[%clk 01:12:55]} {[%emt 00:00:29]} Qxb2
{[%clk 00:15:50]} {[%emt 00:00:17]} 34. Qe7 {[%clk 01:13:02]} {[%emt 00:00:23]}
Rg8 {[%clk 00:15:49]} {[%emt 00:00:31]} 35. Nd6 {[%clk 01:13:25]} {[%emt
00:00:08]} h6 {[%clk 00:15:45]} {[%emt 00:00:33]} 36. Nf7+ {[%clk 01:13:46]}
{[%emt 00:00:09]} Kh7 {[%clk 00:16:08]} {[%emt 00:00:07]} 37. Nxh6 {[%clk
01:13:58]} {[%emt 00:00:18]} Qd2 {[%clk 00:15:39]} {[%emt 00:00:59]} 38. Nxg8
{[%clk 01:14:18]} {[%emt 00:00:10]} Kxg8 {[%clk 00:14:42]} {[%emt 00:01:27]}
39. Qe8+ {[%clk 01:14:42]} {[%emt 00:00:05]} Kh7 {[%clk 00:14:49]} {[%emt
00:00:25]} 40. Qh5+ {[%clk 01:15:07]} {[%emt 00:00:04]} Kg8 {[%clk 00:15:06]}
{[%emt 00:00:13]} 41. Rg3 {[%clk 01:15:22]} {[%emt 00:00:15]} Qf4 {[%clk
00:14:23]} {[%emt 00:01:13]} 42. Qe8+ {[%clk 01:15:42]} {[%emt 00:00:10]} Kh7
{[%clk 00:14:44]} {[%emt 00:00:09]} 43. Qg6+ {[%clk 01:16:08]} {[%emt
00:00:04]} 1-0

[Event "DEM U12 2023"]
[Site "Willingen GER"]
[Date "2023.06.03"]
[Round "9"]
[White "Zhang, Yibo"]
[Black "Allen, Phillipp"]
[Result "1/2-1/2"]
[Termination "normal"]
[Board "10"]
[WhiteElo "1791"]
[BlackElo "1539"]
[WhiteClock "00:41:37"]
[BlackClock "00:24:51"]
[PlyCount "59"]
[WhiteFideId "16287657"]
[BlackFideId "16272846"]
[EventCountry "GER"]
[EventRounds "9"]
[EventType "swiss"]
[EventDate "2023.05.27"]

1. e4 {[%clk 01:30:55]} {[%emt 00:00:04]} c6 {[%clk 01:30:56]} {[%emt
00:00:05]} 2. d4 {[%clk 01:31:22]} {[%emt 00:00:03]} d5 {[%clk 01:31:20]}
{[%emt 00:00:06]} 3. exd5 {[%clk 01:31:47]} {[%emt 00:00:05]} cxd5 {[%clk
01:31:44]} {[%emt 00:00:06]} 4. Bd3 {[%clk 01:32:09]} {[%emt 00:00:07]} Qc7
{[%clk 01:32:01]} {[%emt 00:00:14]} 5. c3 {[%clk 01:31:47]} {[%emt 00:00:52]}
Nf6 {[%clk 01:32:15]} {[%emt 00:00:15]} 6. h3 {[%clk 01:32:13]} {[%emt
00:00:05]} Nc6 {[%clk 01:32:04]} {[%emt 00:00:40]} 7. Nf3 {[%clk 01:31:51]}
{[%emt 00:00:52]} g6 {[%clk 01:32:00]} {[%emt 00:00:34]} 8. Nbd2 {[%clk
01:31:37]} {[%emt 00:00:44]} Bg7 {[%clk 01:32:17]} {[%emt 00:00:13]} 9. O-O
{[%clk 01:31:57]} {[%emt 00:00:10]} O-O {[%clk 01:32:17]} {[%emt 00:00:30]} 10.
Re1 {[%clk 01:32:24]} {[%emt 00:00:03]} Bf5 {[%clk 01:30:24]} {[%emt 00:02:23]}
11. Bf1 {[%clk 01:32:47]} {[%emt 00:00:08]} Ne4 {[%clk 01:24:09]} {[%emt
00:06:45]} 12. Nh4 {[%clk 01:28:04]} {[%emt 00:05:13]} Bf6 {[%clk 01:05:02]}
{[%emt 00:19:36]} 13. Nxf5 {[%clk 01:27:05]} {[%emt 00:01:30]} gxf5 {[%clk
01:04:05]} {[%emt 00:01:27]} 14. Qh5 {[%clk 01:04:44]} {[%emt 00:22:50]} e6
{[%clk 00:53:05]} {[%emt 00:11:30]} 15. Nxe4 {[%clk 01:01:14]} {[%emt
00:04:00]} fxe4 {[%clk 00:52:17]} {[%emt 00:01:18]} 16. f3 {[%clk 00:58:03]}
{[%emt 00:03:42]} Qg3 {[%clk 00:43:18]} {[%emt 00:09:28]} 17. fxe4 {[%clk
00:51:48]} {[%emt 00:06:46]} Qxe1 {[%clk 00:39:24]} {[%emt 00:04:24]} 18. Qg4+
{[%clk 00:51:50]} {[%emt 00:00:27]} Kh8 {[%clk 00:39:34]} {[%emt 00:00:21]} 19.
Bg5 {[%clk 00:52:05]} {[%emt 00:00:15]} Bxd4+ {[%clk 00:37:18]} {[%emt
00:02:46]} 20. cxd4 {[%clk 00:52:23]} {[%emt 00:00:12]} f5 {[%clk 00:37:43]}
{[%emt 00:00:05]} 21. Rxe1 {[%clk 00:51:34]} {[%emt 00:01:19]} fxg4 {[%clk
00:38:05]} {[%emt 00:00:07]} 22. hxg4 {[%clk 00:52:02]} {[%emt 00:00:02]} Nxd4
{[%clk 00:33:13]} {[%emt 00:05:23]} 23. Rd1 {[%clk 00:50:04]} {[%emt 00:02:28]}
e5 {[%clk 00:30:04]} {[%emt 00:03:39]} 24. exd5 {[%clk 00:50:03]} {[%emt
00:00:31]} Rf7 {[%clk 00:29:13]} {[%emt 00:01:21]} 25. Re1 {[%clk 00:50:08]}
{[%emt 00:00:25]} Re8 {[%clk 00:28:53]} {[%emt 00:00:49]} 26. d6 {[%clk
00:49:29]} {[%emt 00:01:10]} Kg7 {[%clk 00:27:44]} {[%emt 00:01:38]} 27. Be7
{[%clk 00:46:40]} {[%emt 00:03:19]} Rfxe7 {[%clk 00:26:26]} {[%emt 00:01:48]}
28. dxe7 {[%clk 00:42:09]} {[%emt 00:05:02]} Rxe7 {[%clk 00:26:49]} {[%emt
00:00:07]} 29. Re4 {[%clk 00:42:25]} {[%emt 00:00:13]} Kf6 {[%clk 00:24:51]}
{[%emt 00:02:28]} 30. Bd3 {[%clk 00:41:37]} {[%emt 00:01:17]} 1/2-1/2

[Event "DEM U12 2023"]
[Site "Willingen GER"]
[Date "2023.06.03"]
[Round "9"]
[White "Lanert, Theodor"]
[Black "Fischermann, Simon"]
[Result "1/2-1/2"]
[Termination "normal"]
[Board "12"]
[WhiteElo "1398"]
[BlackElo "1659"]
[WhiteClock "00:51:30"]
[BlackClock "00:17:28"]
[PlyCount "46"]
[WhiteFideId "34605576"]
[BlackFideId "34620869"]
[EventCountry "GER"]
[EventRounds "9"]
[EventType "swiss"]
[EventDate "2023.05.27"]

1. e4 {[%clk 01:30:26]} {[%emt 00:00:33]} e5 {[%clk 01:30:53]} {[%emt
00:00:07]} 2. Nf3 {[%clk 01:30:50]} {[%emt 00:00:06]} Nc6 {[%clk 01:31:14]}
{[%emt 00:00:10]} 3. d4 {[%clk 01:31:14]} {[%emt 00:00:06]} exd4 {[%clk
01:31:28]} {[%emt 00:00:17]} 4. Nxd4 {[%clk 01:31:37]} {[%emt 00:00:07]} Nxd4
{[%clk 01:25:40]} {[%emt 00:06:17]} 5. Qxd4 {[%clk 01:31:59]} {[%emt 00:00:07]}
Ne7 {[%clk 01:25:33]} {[%emt 00:00:38]} 6. Bf4 {[%clk 01:27:20]} {[%emt
00:05:10]} Nc6 {[%clk 01:25:30]} {[%emt 00:00:31]} 7. Qd1 {[%clk 01:26:50]}
{[%emt 00:01:00]} d6 {[%clk 01:18:46]} {[%emt 00:07:15]} 8. Bb5 {[%clk
01:14:00]} {[%emt 00:13:21]} Bd7 {[%clk 01:18:22]} {[%emt 00:00:53]} 9. O-O
{[%clk 01:11:11]} {[%emt 00:03:19]} Be7 {[%clk 00:55:18]} {[%emt 00:23:33]} 10.
Nc3 {[%clk 01:09:40]} {[%emt 00:02:02]} O-O {[%clk 00:54:45]} {[%emt 00:01:02]}
11. Nd5 {[%clk 01:09:30]} {[%emt 00:00:40]} a6 {[%clk 00:54:36]} {[%emt
00:00:41]} 12. Nxe7+ {[%clk 01:08:55]} {[%emt 00:01:04]} Qxe7 {[%clk 00:54:52]}
{[%emt 00:00:14]} 13. Bd3 {[%clk 01:07:53]} {[%emt 00:01:33]} Nb4 {[%clk
00:54:18]} {[%emt 00:01:02]} 14. Be3 {[%clk 01:05:30]} {[%emt 00:02:54]} Nxd3
{[%clk 00:54:05]} {[%emt 00:00:43]} 15. Qxd3 {[%clk 01:05:40]} {[%emt
00:00:20]} f5 {[%clk 00:51:38]} {[%emt 00:02:47]} 16. exf5 {[%clk 01:04:43]}
{[%emt 00:01:37]} Bxf5 {[%clk 00:44:49]} {[%emt 00:07:11]} 17. Qb3+ {[%clk
01:04:09]} {[%emt 00:01:11]} Kh8 {[%clk 00:45:05]} {[%emt 00:00:14]} 18. Rfe1
{[%clk 01:03:30]} {[%emt 00:01:09]} b5 {[%clk 00:41:15]} {[%emt 00:04:20]} 19.
a3 {[%clk 01:00:00]} {[%emt 00:04:02]} Qf6 {[%clk 00:37:22]} {[%emt 00:04:19]}
20. c3 {[%clk 00:58:00]} {[%emt 00:02:34]} Qg6 {[%clk 00:34:11]} {[%emt
00:03:34]} 21. Qd5 {[%clk 00:52:00]} {[%emt 00:06:36]} c6 {[%clk 00:26:38]}
{[%emt 00:08:03]} 22. Qf3 {[%clk 00:51:58]} {[%emt 00:00:32]} d5 {[%clk
00:18:49]} {[%emt 00:08:18]} 23. Qg3 {[%clk 00:51:30]} {[%emt 00:00:58]} Qf7
{[%clk 00:17:28]} {[%emt 00:01:45]} 1/2-1/2

[Event "DEM U12 2023"]
[Site "Willingen GER"]
[Date "2023.06.03"]
[Round "9"]
[White "Radeke, Timothy"]
[Black "Dodul, Arthur"]
[Result "1-0"]
[Termination "normal"]
[Board "13"]
[WhiteElo "1485"]
[BlackElo "1613"]
[WhiteClock "00:11:41"]
[BlackClock "00:02:30"]
[PlyCount "97"]
[WhiteFideId "16289412"]
[BlackFideId "34609016"]
[EventCountry "GER"]
[EventRounds "9"]
[EventType "swiss"]
[EventDate "2023.05.27"]

1. e4 {[%clk 01:30:58]} c5 {[%clk 01:30:55]} {[%emt 00:00:06]} 2. Nc3 {[%clk
01:31:23]} {[%emt 00:00:05]} Nc6 {[%clk 01:30:36]} {[%emt 00:00:50]} 3. f4
{[%clk 01:31:34]} {[%emt 00:00:19]} g6 {[%clk 01:30:08]} {[%emt 00:00:57]} 4.
Nf3 {[%clk 01:31:53]} {[%emt 00:00:11]} Bg7 {[%clk 01:29:28]} {[%emt 00:01:10]}
5. Bc4 {[%clk 01:31:31]} {[%emt 00:00:53]} e6 {[%clk 01:28:27]} {[%emt
00:01:31]} 6. O-O {[%clk 01:30:37]} {[%emt 00:01:24]} Nge7 {[%clk 01:27:44]}
{[%emt 00:01:14]} 7. Ng5 {[%clk 01:18:30]} {[%emt 00:12:37]} h6 {[%clk
01:21:39]} {[%emt 00:06:34]} 8. Nf3 {[%clk 01:16:40]} {[%emt 00:02:21]} O-O
{[%clk 01:21:40]} {[%emt 00:00:28]} 9. d3 {[%clk 01:16:51]} {[%emt 00:00:20]}
Na5 {[%clk 01:17:12]} {[%emt 00:04:57]} 10. Bb3 {[%clk 01:17:06]} {[%emt
00:00:16]} Nxb3 {[%clk 01:17:25]} {[%emt 00:00:17]} 11. axb3 {[%clk 01:17:31]}
{[%emt 00:00:05]} b6 {[%clk 01:14:31]} {[%emt 00:03:24]} 12. Qe1 {[%clk
01:14:55]} {[%emt 00:03:06]} d5 {[%clk 01:02:38]} {[%emt 00:12:23]} 13. e5
{[%clk 01:08:44]} {[%emt 00:06:41]} Bb7 {[%clk 00:58:36]} {[%emt 00:04:32]} 14.
d4 {[%clk 01:08:06]} {[%emt 00:01:08]} Nf5 {[%clk 00:55:31]} {[%emt 00:03:33]}
15. Qf2 {[%clk 01:01:42]} {[%emt 00:06:57]} cxd4 {[%clk 00:48:31]} {[%emt
00:07:30]} 16. Nxd4 {[%clk 01:02:00]} {[%emt 00:00:11]} Nxd4 {[%clk 00:46:48]}
{[%emt 00:02:13]} 17. Qxd4 {[%clk 01:02:24]} {[%emt 00:00:06]} a6 {[%clk
00:44:36]} {[%emt 00:02:42]} 18. Na4 {[%clk 00:56:48]} {[%emt 00:06:06]} b5
{[%clk 00:44:38]} {[%emt 00:00:27]} 19. Nc5 {[%clk 00:54:52]} {[%emt 00:02:27]}
Qc7 {[%clk 00:41:38]} {[%emt 00:03:29]} 20. b4 {[%clk 00:53:16]} {[%emt
00:02:07]} Rfc8 {[%clk 00:40:27]} {[%emt 00:01:38]} 21. Be3 {[%clk 00:53:06]}
{[%emt 00:00:42]} Qc6 {[%clk 00:37:03]} {[%emt 00:03:54]} 22. c3 {[%clk
00:50:10]} {[%emt 00:03:28]} Rd8 {[%clk 00:31:47]} {[%emt 00:05:39]} 23. Ra5
{[%clk 00:39:24]} {[%emt 00:11:22]} Rdb8 {[%clk 00:26:40]} {[%emt 00:05:37]}
24. Rfa1 {[%clk 00:36:29]} {[%emt 00:03:25]} Kh7 {[%clk 00:25:49]} {[%emt
00:01:20]} 25. Bf2 {[%clk 00:31:37]} {[%emt 00:05:24]} Kg8 {[%clk 00:22:18]}
{[%emt 00:03:59]} 26. Bh4 {[%clk 00:26:32]} {[%emt 00:05:36]} Kh7 {[%clk
00:20:16]} {[%emt 00:02:33]} 27. Rf1 {[%clk 00:13:44]} {[%emt 00:13:18]} Re8
{[%clk 00:17:35]} {[%emt 00:03:11]} 28. Rf3 {[%clk 00:12:05]} {[%emt 00:02:10]}
Rh8 {[%clk 00:11:09]} {[%emt 00:06:54]} 29. Bf2 {[%clk 00:11:47]} {[%emt
00:00:50]} Rhe8 {[%clk 00:10:24]} {[%emt 00:01:12]} 30. Qd2 {[%clk 00:09:24]}
{[%emt 00:02:56]} Rad8 {[%clk 00:08:59]} {[%emt 00:01:51]} 31. Bd4 {[%clk
00:09:43]} {[%emt 00:00:14]} Rc8 {[%clk 00:07:16]} {[%emt 00:02:10]} 32. Rf1
{[%clk 00:09:42]} {[%emt 00:00:35]} Ra8 {[%clk 00:06:47]} {[%emt 00:00:56]} 33.
Rfa1 {[%clk 00:10:08]} {[%emt 00:00:07]} Rf8 {[%clk 00:06:09]} {[%emt
00:01:02]} 34. Qe1 {[%clk 00:09:16]} {[%emt 00:01:28]} Rfe8 {[%clk 00:06:00]}
{[%emt 00:00:35]} 35. R1a3 {[%clk 00:09:15]} {[%emt 00:00:35]} f6 {[%clk
00:01:08]} {[%emt 00:05:23]} 36. exf6 {[%clk 00:09:32]} {[%emt 00:00:13]} e5
{[%clk 00:01:21]} {[%emt 00:00:16]} 37. fxe5 {[%clk 00:09:43]} {[%emt
00:00:19]} Bxf6 {[%clk 00:01:41]} {[%emt 00:00:10]} 38. Qf2 {[%clk 00:09:46]}
{[%emt 00:00:27]} Bg7 {[%clk 00:01:45]} {[%emt 00:00:27]} 39. Qf7 {[%clk
00:09:59]} {[%emt 00:00:16]} Rab8 {[%clk 00:00:36]} {[%emt 00:01:39]} 40. e6
{[%clk 00:09:53]} {[%emt 00:00:36]} Rg8 {[%clk 00:01:01]} {[%emt 00:00:06]} 41.
Nd7 {[%clk 00:09:50]} {[%emt 00:00:32]} Rbe8 {[%clk 00:00:53]} {[%emt
00:00:39]} 42. Bxg7 {[%clk 00:09:41]} {[%emt 00:00:39]} Rxg7 {[%clk 00:01:10]}
{[%emt 00:00:13]} 43. Nf6+ {[%clk 00:10:06]} {[%emt 00:00:05]} Kh8 {[%clk
00:01:31]} {[%emt 00:00:09]} 44. Qxe8+ {[%clk 00:10:22]} {[%emt 00:00:13]} Qxe8
{[%clk 00:01:55]} {[%emt 00:00:07]} 45. Nxe8 {[%clk 00:10:48]} {[%emt
00:00:04]} Re7 {[%clk 00:02:16]} {[%emt 00:00:09]} 46. Nd6 {[%clk 00:11:12]}
{[%emt 00:00:07]} Kg7 {[%clk 00:01:37]} {[%emt 00:01:08]} 47. Nxb7 {[%clk
00:11:15]} {[%emt 00:00:28]} Rxb7 {[%clk 00:02:03]} {[%emt 00:00:04]} 48. Rxa6
{[%clk 00:11:37]} {[%emt 00:00:07]} Kf6 {[%clk 00:02:30]} {[%emt 00:00:03]} 49.
Ra1 {[%clk 00:11:41]} {[%emt 00:00:26]} 1-0